El secado
Guardat en:
| Autor principal: | |
|---|---|
| Format: | Llibre |
| Idioma: | espanyol |
| Publicat: |
Bilbao
Urmo
1982
|
| Col·lecció: | Enciclopedia de la Tecnología Química, 1
|
| Matèries: | |
| Etiquetes: |
Afegir etiqueta
Sense etiquetes, Sigues el primer a etiquetar aquest registre!
|
MARC
| LEADER | 00000nam a2200000 a 4500 | ||
|---|---|---|---|
| 001 | UCP1118 | ||
| 003 | CL-VaPUC | ||
| 008 | 990326e19820000SP |||||||||||||||||spa|d | ||
| 082 | 0 | 4 | |a 660.284 |b KNE |2 21 |
| 100 | |a Kneule, Friedrich |e author |9 426936 | ||
| 245 | 1 | 3 | |a El secado |
| 300 | |a 414 p | ||
| 942 | |c BK | ||
| 945 | |d 19990326 00:00:00 |a lriquelm | ||
| 260 | |a Bilbao |b Urmo |c 1982 | ||
| 650 | 0 | |a Secado |9 331351 | |
| 650 | 7 | |a SECADORES |2 CL-VaPUC |9 259372 | |
| 583 | |a last modification |c 19990326 00:00:00 |k Rodrigo Vera | ||
| 490 | 0 | |a Enciclopedia de la Tecnología Química, 1 | |
| 999 | |c 279830 |d 279828 | ||
| 952 | |0 0 |1 0 |4 0 |6 660_284000000000000_KNE_1982 |7 0 |8 A |9 319650 |a BIBMEC |b BIBMEC |d 2019-11-20 |i 1335626 |l 2 |o 660.284 KNE 1982 |p 1335626 |r 2024-01-19 |s 2021-06-15 |w 2019-11-20 |y BK |k MEC | ||